000 00779nam a2200229Ia 4500
001 9291
003 GE_BSU
008 181216s||||||||xx |||||||||||||| ||und||
040 _cGE_BSU
080 _a621.1.016(075.8)
100 _aЛитвин,А.М.
245 _aТеоретические основы теплотехники:техническая термодинамика и теория теплопередпчи.
245 _cРед. С.Л.Ривкин.
250 _aИзд. 6-е, переработанное и дополненное.
260 _aМ.
260 _bЭнергия.
260 _c1969.
300 _a328 стр. 22 см.
300 _eтабл.
653 _aТеоретические основы теплотехники.
942 _cBK
999 _c42588
_d42588